Classes of labour at the margins of global commodity chains in India and China (Record no. 507250)

000 -LEADER
fixed length control field 00461nam a2200157 4500
008 - FIXED-LENGTH DATA ELEMENTS--GENERAL INFORMATION
fixed length control field 190207b ||||| |||| 00| 0 eng d
100 ## - MAIN ENTRY--PERSONAL NAME
Personal name Mezzadri, Alessandra
245 ## - TITLE STATEMENT
Title Classes of labour at the margins of global commodity chains in India and China
260 ## - PUBLICATION, DISTRIBUTION, ETC. (IMPRINT)
Date of publication, distribution, etc 2018
300 ## - PHYSICAL DESCRIPTION
Extent p.1034-1063.
650 ## - SUBJECT ADDED ENTRY--TOPICAL TERM
Topical term or geographic name as entry element Labour - China
9 (RLIN) 1188
700 ## - ADDED ENTRY--PERSONAL NAME
Personal name Lulu, Fan
9 (RLIN) 1189
773 ## - HOST ITEM ENTRY
Main entry heading Development and Change
906 ## - LOCAL DATA ELEMENT F, LDF (RLIN)
Subject DIP Labour - India
942 ## - ADDED ENTRY ELEMENTS (KOHA)
Source of classification or shelving scheme
Item type Articles
Holdings
Withdrawn status Lost status Source of classification or shelving scheme Damaged status Not for loan Permanent location Current location Date acquired Serial Enumeration / chronology Barcode Date last seen Koha item type
          Indian Institute of Public Administration Indian Institute of Public Administration 2019-02-07 49(1), Jul, 2018: p.1034-1063. AR118810 2019-02-07 Articles

Powered by Koha